000 00375nam a2200121 4500
008 180219b xxu||||| |||| 00| 0 eng d
100 _926637
_aRonda, Rainier Allan
245 _a9 schools join UP in search for breakthrough drugs/
_cRainier Allan Ronda
260 _aPhilippines
_bThe Philippine Star
_cc2017
300 _apage 12.
650 0 _926638
_aDrugs.
942 _2ddc
_cPER
999 _c8739
_d8739